Responses for show #4868 - Wednesday, November 9, 2005

2005 College Championship quarterfinal game 3.
From the RBC Center in Raleigh, North Carolina.

Contestants

Amanda Walker, a junior at Gonzaga University from East Wenatchee, Washington

Ben Goldman, a sophomore at New York University from Bala Cynwyd, Pennsylvania

Peter Ellis, a senior at North Carolina State University from Cary, North Carolina

Jeopardy! Round responses

NAME THAT ROMAN EMPEROR
U2 SONGS IN OTHER WORDS
LET'S TALK ABOUT SIX
COLLEGE-PODGE
PODCAST INCORPORATED
A SPANISH INQUISITION
    $200 1
Nero

Ben
    $200 3
"Sunday Bloody Sunday"

Peter
    $200 9
deep-six

Amanda
    $200 12
clowns

Peter
    $200 22
General Motors

Ben
    $200 15
a feather

Peter
    $400 2
Hadrian

Amanda
    $400 7
"Vertigo"

Peter
    $400 27
Beethoven

Ben
    $400 13
Saskatchewan

Triple Stumper
    $400 23
The Wall Street Journal

Ben
    $400 16
maze

Peter
    $600 4
Caligula

Peter
    $600 8
(Peter: What is with a "U"?)

"With Or Without You"

Peter
Triple Stumper
    $600 28
the Supreme Court

Amanda
    $600 14
Barnard

Triple Stumper
    $600 24
(Peter: What is Babylon 5?)

Battlestar Galactica

Peter
Triple Stumper
    $600 17
a polar bear

Ben
    $800 5
Constantine

Peter
    $800 10
"Where The Streets Have No Name"

Amanda
    $800 29
Palm Sunday

Amanda
    $800 20
Bennington

Triple Stumper
    $800 25
(Ben: What's Comcast?)
(Amanda: What is pay-per-view?)

IBM

BenAmanda
Triple Stumper
    $800 18
Pueblo

Triple Stumper
    $1000 6
Augustus

Peter
    $1000 11
"New Year's Day"

Triple Stumper
    $1000 30
a hexahedron

Peter
    $1,800 21
(Ben: What is... Seattle?)
(Alex: No, LSU: Louisiana State University in [*].)

Shreveport

Ben
    $1000 26
Sirius

Amanda
    $1000 19
the conga

Ben

Scores at the first commercial break (after clue 15):

Peter Ben Amanda
$2,800 $200 $1,400

Scores at the end of the Jeopardy! Round:

Peter Ben Amanda
$3,600 $200 $3,000

Double Jeopardy! Round responses

RALEIGH
MOVIE STARS GO TO WORK
AMERICAN LIT
WOLF (BLITZER) PACK
ROCKET SCIENCE
"B" PLUS
    $400 7
treason

Ben
    $400 12
Wedding Crashers

Peter
    $400 1
To Kill a Mockingbird

Amanda
    $400 22
Buffalo

Amanda
    $400 21
Gemini

Amanda
    $400 6
box

Peter
    $800 8
the potato

Peter
    $800 13
pilot

Ben
    $800 2
James Fenimore Cooper

Amanda
    $800 23
Hillary Clinton

Ben
    $800 27
spinning

Ben
    $800 17
a bayonet

Peter
    $1200 9
the Huguenots

Peter
    $1200 14
Closer

Amanda
    $1,200 3
(Amanda: [Shakes head])

Uncle Tom's Cabin

Amanda
    $1200 24
Reuters

Ben
    $1200 28
the lunar module

Ben
    $1200 18
a Bundt

Amanda
    $1600 10
Edmund Spenser

Peter
    $1600 15
kill people

Ben
    $1600 4
Light in August

Triple Stumper
    $1600 25
(Peter: Who is Pearlman?)

Daniel Pearl

Peter
Triple Stumper
    $1600 29
pressure

Amanda
    $1600 19
burlap

Ben
    $2000 11
the Channel Islands

Ben
    $2000 16
The Interpreter

Amanda
    $2000 5
Native Son

Amanda
    $2,000 26
Boris Yeltsin

Ben
    $2000 30
escape velocity

Ben
    $2000 20
Bratislava

Peter

Scores at the end of the Double Jeopardy! Round:

Peter Ben Amanda
$9,200 $14,600 $11,800

Final Jeopardy! Round responses

STATE CAPITALS
(Alex: [To Peter] You were thinking of which state capitals?)
(Peter: Uh, Salem, Sacramento...)
(Alex: Salt Lake City?)
(Peter: Salt Lake City.)
(Alex: Yeah, Santa Fe?)
(Peter: Santa Fe... and the other one.)
(Alex: ...and Saint Paul.)
PeterWhat is SA
$6,000
AmandaWhat are SA?
$3,000
BenWhat are
$4,600
S-A

Final scores:

Peter Ben Amanda
$15,200 $10,000 $14,800
Automatic semifinalist 3rd place: $5,000 if eliminated 2nd place: $5,000 if eliminated

Game dynamics:

Coryat scores:

Peter Ben Amanda
$9,200 $16,400 $13,000
16 R,
3 W
17 R
(including 1 DD),
2 W
(including 1 DD)
15 R,
2 W
(including 1 DD)

Combined Coryat: $38,600

The J! Archive is created by fans, for fans. The Jeopardy! game show and all elements thereof, including but not limited to copyright and trademark thereto, are the property of Jeopardy Productions, Inc. and are protected under law. This website is not affiliated with, sponsored by, or operated by Jeopardy Productions, Inc. Join the discussion at JBoard.tv.